[Event "Ankara Ipek Memorial 8th"]
[Site "Ankara"]
[Date "2020.03.04"]
[Round "1"]
[White "Yaver, Faik Emre"]
[Black "Ada, Isa"]
[Result "1-0"]
[WhiteElo "2086"]
[BlackElo "1366"]
[PlyCount "55"]
[EventDate "2020.03.04"]
[EventType "swiss"]
[EventRounds "7"]
[EventCountry "TUR"]
[SourceTitle "CBM 195 Extra"]
[Source "ChessBase"]
[SourceDate "2020.05.31"]
[SourceVersion "1"]
[SourceVersionDate "2020.05.31"]
[SourceQuality "1"]

1. e4 e5 2. Nf3 Nc6 3. Bc4 Nf6 4. d3 Be7 5. 0-0 d6 6. a4 Be6 7. Bxe6 fxe6 8. c3 h6 9. a5 Qd7 10. Re1 g5 11. b4 Nd8 12. d4 g4 13. dxe5 gxf3 14. exf6 Bxf6 15. Qxf3 Qg7 16. a6 e5 17. axb7 Nxb7 18. Qd3 c6 19. Ra6 Qd7 20. Na3 h5 21. Nc4 Ke7 22. Ne3 Kd8 23. Qc4 c5 24. Nd5 Qf7 25. bxc5 Bh4 26. g3 Bxg3 27. fxg3 h4 28. Bg5+ 1-0